Fieles a la tierra: reflexiones de un cristiano sobre la vida cotidiana
Guardat en:
| Autor principal: | |
|---|---|
| Format: | Llibre |
| Idioma: | espanyol |
| Publicat: |
Barcelona
Herder
1971
|
| Matèries: | |
| Etiquetes: |
Afegir etiqueta
Sense etiquetes, Sigues el primer a etiquetar aquest registre!
|
MARC
| LEADER | 00000nam a2200000 a 4500 | ||
|---|---|---|---|
| 001 | UCL3639 | ||
| 003 | CL-VaPUC | ||
| 008 | 031205e19710000SP |||||||||||||||||spa|d | ||
| 082 | 0 | 4 | |a 248.4 |b RAH |2 21 |
| 100 | 0 | |a Rahner, Karl |e author |9 314306 | |
| 245 | 1 | 0 | |a Fieles a la tierra: reflexiones de un cristiano sobre la vida cotidiana |
| 300 | |a 246 p | ||
| 942 | |c BK | ||
| 945 | |d 20031205 00:00:00 |a vberengu | ||
| 260 | |a Barcelona |b Herder |c 1971 | ||
| 650 | 0 | |a Vida cristiana |9 258753 | |
| 650 | 0 | |a Celebraciones litúrgicas |9 468655 | |
| 583 | |a last modification |c 20031205 00:00:00 |k Rodrigo Vera | ||
| 999 | |c 306656 |d 306654 | ||
| 952 | |0 0 |1 0 |4 0 |6 248_400000000000000_RAH_1971 |7 0 |8 A |9 371832 |a BIBTEO |b BIBTEO |d 2019-11-21 |i 2096692 |o 248.4 RAH 1971 |p 2096692 |r 2025-01-17 |w 2019-11-21 |y BK |k ICR | ||